000 00621nam a2200205 4500
003 OSt
005 20240619030745.0
006 a
008 240619b |||||||| |||| 00| 0 eng d
020 _a9789712724275
040 _aDWCL-Main lib.
_cOC
082 _aFil. 808.8 M553a 2011
100 _aMercado, J.F.
245 _aAnthology of English and American literature for college /
260 _axxv,
_b184 p. : ill. ;
_c26 cm.
300 _aMandaluyong City :
_bAnvil Pub. Inc. ,
_cc2011.
504 _aIncludes bibliographical references.
650 _a1. Literature-collections.
942 _2ddc
_n0
_cBK - FIL
_kFil.
999 _c878
_d878